[Event "Goch op 26th"]
[Site "Goch"]
[Date "2015.09.04"]
[Round "3"]
[White "Khudovekov, Maxim"]
[Black "Ydo, Pim"]
[Result "1-0"]
[WhiteElo "1793"]
[BlackElo "2011"]
[PlyCount "83"]
[EventDate "2015.09.03"]
[EventType "swiss"]
[EventRounds "7"]
[EventCountry "GER"]
[SourceTitle "EXT 2018"]
[Source "ChessBase"]
[SourceDate "2017.10.13"]
[SourceVersion "1"]
[SourceVersionDate "2017.10.13"]
[SourceQuality "1"]

1. e4 c6 2. d4 d5 3. e5 c5 4. c3 Nc6 5. Nf3 Bg4 6. Be2 e6 7. 0-0 Qb6 8. dxc5 Bxc5 9. b4 Be7 10. Nbd2 f6 11. a4 a5 12. bxa5 Qxa5 13. Nb3 Qd8 14. Nfd4 Bxe2 15. Qxe2 fxe5 16. Nxe6 Qc8 17. Nxg7+ Kf7 18. Nh5 Nf6 19. Nxf6 Bxf6 20. Qf3 Ne7 21. Bg5 Qf5 22. Qxf5 Nxf5 23. Bxf6 Kxf6 24. Nc5 Rac8 25. Nxb7 Rxc3 26. a5 Ra8 27. Rfc1 Rxc1+ 28. Rxc1 Nd4 29. Rc5 Ke6 30. h3 h5 31. Rc7 h4 32. Rh7 Nf5 33. a6 d4 34. a7 Kd5 35. Na5 d3 36. Rd7+ Ke4 37. Nc4 Nd4 38. f3+ Kf5 39. Kf1 Ke6 40. Ke1 Rg8 41. Rg7 Rc8 42. Nb6 1-0

[Event "Goch op 25th"]
[Site "Goch"]
[Date "2014.09.05"]
[Round "3"]
[White "Schaefers, Bernd"]
[Black "Ydo, Pim"]
[Result "1/2-1/2"]
[WhiteElo "1879"]
[BlackElo "2087"]
[PlyCount "53"]
[EventDate "2014.09.04"]
[EventType "swiss"]
[EventRounds "7"]
[EventCountry "GER"]
[SourceTitle "EXT 2016"]
[Source "ChessBase"]
[SourceDate "2015.10.08"]
[SourceVersion "1"]
[SourceVersionDate "2015.10.08"]
[SourceQuality "1"]

1. e4 c6 2. d4 d5 3. exd5 cxd5 4. Bd3 Nc6 5. c3 Qc7 6. Nf3 Bg4 7. Be3 e6 8. Nbd2 Nf6 9. Qc2 Be7 10. Bg5 Bh5 11. Bh4 Bg6 12. Bxg6 hxg6 13. Bg3 Bd6 14. 0-0-0 0-0-0 15. Kb1 Kb8 16. Bxd6 Qxd6 17. h3 Rc8 18. Qd3 Ka8 19. Rhe1 Rh5 20. Re2 Nd7 21. Rde1 Qc7 22. Qb5 a6 23. Qd3 Qb6 24. g3 g5 25. Ng1 Nf6 26. g4 Rh6 27. Qe3 1/2-1/2

[Event "Goch op 25th"]
[Site "Goch"]
[Date "2014.09.04"]
[Round "1"]
[White "Vonhoff, Joerg"]
[Black "Ydo, Pim"]
[Result "0-1"]
[WhiteElo "1757"]
[BlackElo "2087"]
[PlyCount "30"]
[EventDate "2014.09.04"]
[EventType "swiss"]
[EventRounds "7"]
[EventCountry "GER"]
[SourceTitle "EXT 2016"]
[Source "ChessBase"]
[SourceDate "2015.10.08"]
[SourceVersion "1"]
[SourceVersionDate "2015.10.08"]
[SourceQuality "1"]

1. e4 c6 2. d4 d5 3. exd5 cxd5 4. Bd3 Nc6 5. c3 Qc7 6. h3 Nf6 7. Bg5 Ne4 8. Be3 Bf5 9. Nf3 e6 10. Nh4 Bg6 11. Nxg6 hxg6 12. Nd2 Nf6 13. Qf3 Bd6 14. 0-0-0 0-0-0 15. Bg5 Nxd4 0-1

[Event "Goch op 24th"]
[Site "Goch"]
[Date "2013.09.08"]
[Round "6"]
[White "Ydo, Pim"]
[Black "Schoeber, Peter"]
[Result "1/2-1/2"]
[WhiteElo "2097"]
[BlackElo "2166"]
[PlyCount "35"]
[EventDate "2013.09.05"]
[EventType "swiss"]
[EventRounds "7"]
[EventCountry "GER"]
[SourceTitle "EXT 2015"]
[Source "ChessBase"]
[SourceDate "2014.11.20"]
[SourceVersion "1"]
[SourceVersionDate "2014.11.20"]
[SourceQuality "1"]

1. d4 Nf6 2. Nf3 e6 3. e3 b6 4. Bd3 Bb7 5. 0-0 Be7 6. c4 0-0 7. Nc3 d5 8. b3 Nbd7 9. Bb2 c5 10. Rc1 Ne4 11. Qe2 f5 12. Rfd1 Bf6 13. cxd5 exd5 14. Ba6 Qc8 15. Bxb7 Qxb7 16. dxc5 Nxc3 17. Bxc3 Nxc5 18. Bxf6 1/2-1/2

[Event "Goch op 22nd"]
[Site "Goch"]
[Date "2011.10.01"]
[Round "5"]
[White "Thomas, Ingo"]
[Black "Ydo, Pim"]
[Result "1/2-1/2"]
[WhiteElo "2124"]
[BlackElo "2124"]
[PlyCount "41"]
[EventDate "2011.09.29"]
[EventType "swiss"]
[EventRounds "7"]
[EventCountry "GER"]
[SourceTitle "EXT 2014"]
[Source "ChessBase"]
[SourceDate "2013.11.20"]
[SourceVersion "1"]
[SourceVersionDate "2013.11.20"]
[SourceQuality "1"]

1. Nf3 d5 2. d4 c6 3. c4 e6 4. Nc3 Nf6 5. Bg5 Nbd7 6. e3 Be7 7. Qc2 0-0 8. Rd1 b6 9. cxd5 cxd5 10. Bd3 Bb7 11. 0-0 Rc8 12. Qb1 h6 13. Bh4 a6 14. Rc1 b5 15. a4 b4 16. Ne2 Qa5 17. b3 Rxc1 18. Rxc1 Rc8 19. Ne5 Qd8 20. Rxc8 Qxc8 21. f3 1/2-1/2

[Event "Goch op 22nd"]
[Site "Goch"]
[Date "2011.09.30"]
[Round "2"]
[White "Ydo, Pim"]
[Black "Schorr, Joerg"]
[Result "1/2-1/2"]
[WhiteElo "2124"]
[BlackElo "1937"]
[PlyCount "84"]
[EventDate "2011.09.29"]
[EventType "swiss"]
[EventRounds "7"]
[EventCountry "GER"]
[SourceTitle "EXT 2014"]
[Source "ChessBase"]
[SourceDate "2013.11.20"]
[SourceVersion "1"]
[SourceVersionDate "2013.11.20"]
[SourceQuality "1"]

1. d4 d5 2. Nf3 Nf6 3. e3 g6 4. c4 c6 5. Nc3 Bg7 6. h3 0-0 7. Qb3 a6 8. a4 b6 9. Bd2 Bb7 10. Be2 Nbd7 11. cxd5 cxd5 12. 0-0 Re8 13. Rfd1 e5 14. dxe5 Nxe5 15. Nxe5 Rxe5 16. Bf3 Rc8 17. Be1 Qd6 18. Ne2 Ne4 19. Bb4 Qb8 20. Bxe4 Rxe4 21. Bc3 d4 22. Bxd4 Bxd4 23. Rxd4 Rxd4 24. Nxd4 Qa8 25. f3 Bd5 26. Qd1 Qb8 27. Rc1 Rd8 28. Qd2 Qd6 29. Qc3 Qe7 30. Qe1 Re8 31. e4 Bb7 32. Qg3 Qb4 33. Nf5 Rc8 34. Rxc8+ Bxc8 35. Qb8 Qc5+ 36. Kh2 gxf5 37. b4 Qc6 38. exf5 Kg7 39. g4 h6 40. Kg3 Bd7 41. h4 a5 42. bxa5 bxa5 1/2-1/2

[Event "Goch op 21st"]
[Site "Goch"]
[Date "2010.10.03"]
[Round "6"]
[White "Nagel, Bernhard"]
[Black "Ydo, Pim"]
[Result "1-0"]
[WhiteElo "2254"]
[BlackElo "2125"]
[PlyCount "71"]
[EventDate "2010.09.30"]
[EventType "swiss"]
[EventRounds "7"]
[EventCountry "GER"]
[SourceTitle "EXT 2012"]
[Source "ChessBase"]
[SourceDate "2011.11.24"]
[SourceVersion "1"]
[SourceVersionDate "2011.11.24"]
[SourceQuality "1"]

1. Nf3 d5 2. d4 c6 3. c4 Nf6 4. Nc3 e6 5. Bg5 Nbd7 6. e3 Qa5 7. cxd5 exd5 8. Bd3 Ne4 9. 0-0 Ndf6 10. Qc2 Nxg5 11. Nxg5 h6 12. Nf3 Bb4 13. a3 Bxc3 14. bxc3 0-0 15. Rfb1 Re8 16. Ne5 Re7 17. h3 Qc7 18. Rb2 Rb8 19. Rab1 Nd7 20. Nf3 b5 21. Bh7+ Kh8 22. Bf5 Nb6 23. Ne5 Bxf5 24. Qxf5 Kg8 25. g4 Rbe8 26. h4 Re6 27. Re2 Rf6 28. Qh5 Nd7 29. f4 Nxe5 30. fxe5 Rfe6 31. Rf1 f6 32. g5 fxe5 33. gxh6 exd4 34. Rg2 R8e7 35. h7+ Kh8 36. Rf8# 1-0

[Event "Goch op 21st"]
[Site "Goch"]
[Date "2010.10.03"]
[Round "7"]
[White "Ydo, Pim"]
[Black "Welzel, Philipp"]
[Result "1/2-1/2"]
[WhiteElo "2125"]
[BlackElo "2046"]
[PlyCount "30"]
[EventDate "2010.09.30"]
[EventType "swiss"]
[EventRounds "7"]
[EventCountry "GER"]
[SourceTitle "EXT 2012"]
[Source "ChessBase"]
[SourceDate "2011.11.24"]
[SourceVersion "1"]
[SourceVersionDate "2011.11.24"]
[SourceQuality "1"]

1. d4 Nf6 2. c4 c5 3. e3 e6 4. Nc3 cxd4 5. exd4 d5 6. Nf3 Be7 7. Bg5 0-0 8. Bd3 Nc6 9. 0-0 Nb4 10. Be2 dxc4 11. Bxc4 a6 12. a3 Nc6 13. Rc1 b5 14. Ba2 Bb7 15. Bb1 Nd5 1/2-1/2

[Event "Goch op 21st"]
[Site "Goch"]
[Date "2010.10.01"]
[Round "2"]
[White "Stefkovic, Martin"]
[Black "Ydo, Pim"]
[Result "0-1"]
[WhiteElo "1988"]
[BlackElo "2125"]
[PlyCount "116"]
[EventDate "2010.09.30"]
[EventType "swiss"]
[EventRounds "7"]
[EventCountry "GER"]
[SourceTitle "EXT 2012"]
[Source "ChessBase"]
[SourceDate "2011.11.24"]
[SourceVersion "1"]
[SourceVersionDate "2011.11.24"]
[SourceQuality "1"]

1. d4 d5 2. g3 Nf6 3. Nf3 c6 4. Bg2 g6 5. Nbd2 Bg7 6. c3 0-0 7. 0-0 Nbd7 8. Re1 e5 9. e4 Nxe4 10. Nxe4 dxe4 11. Rxe4 exd4 12. cxd4 Nf6 13. Bg5 Qb6 14. Bxf6 Bxf6 15. Qd2 Bf5 16. Re3 Rad8 17. Rb3 Qc7 18. Rc1 Be4 19. Qb4 Rd7 20. Nd2 Bxg2 21. Kxg2 a5 22. Qc3 Bxd4 23. Qc2 Re8 24. Nf3 Ba7 25. Rd3 Rxd3 26. Qxd3 Qd8 27. Qxd8 Rxd8 28. b3 Re8 29. Rc2 h6 30. h3 Kg7 31. Ng1 Bd4 32. Re2 Rxe2 33. Nxe2 Be5 34. f4 Bb2 35. Kf3 Kf6 36. Ke4 Ke6 37. g4 f5+ 38. gxf5+ gxf5+ 39. Kd3 b5 40. a4 Bf6 41. Ke3 h5 42. Kd3 h4 43. Ng1 Kd5 44. Nf3 Kc5 45. Kc2 Kb4 46. axb5 cxb5 47. Ne1 Kc5 48. Kd3 Bb2 49. Kc2 Bd4 50. Kd3 Bf6 51. Nc2 a4 52. b4+ Kd5 53. Ne3+ Ke6 54. Kc2 Bd4 55. Nd1 Kd5 56. Kd3 a3 57. Nc3+ Bxc3 58. Kxc3 Ke4 0-1

[Event "Goch op 20th"]
[Site "Goch"]
[Date "2009.10.04"]
[Round "7"]
[White "Heinert, Eugen"]
[Black "Ydo, Pim"]
[Result "1-0"]
[WhiteElo "2134"]
[BlackElo "2116"]
[PlyCount "111"]
[EventDate "2009.10.01"]
[EventType "swiss"]
[EventRounds "7"]
[EventCountry "GER"]
[SourceTitle "EXT 2011"]
[Source "ChessBase"]
[SourceDate "2010.11.26"]
[SourceVersion "1"]
[SourceVersionDate "2010.11.26"]
[SourceQuality "1"]

1. c4 c6 2. d4 d5 3. cxd5 cxd5 4. Nc3 Nf6 5. Nf3 Nc6 6. Bf4 Bf5 7. Qb3 Na5 8. Qa4+ Bd7 9. Qc2 Rc8 10. e3 Nc6 11. Ne5 Nxe5 12. Bxe5 Ne4 13. Bd3 Nxc3 14. bxc3 Qa5 15. Rc1 e6 16. 0-0 Bb5 17. Rb1 Bxd3 18. Qxd3 b6 19. a4 f6 20. Bg3 Rc4 21. e4 Qxc3 22. Qxc3 Rxc3 23. exd5 exd5 24. Rfc1 Rc4 25. Rxc4 dxc4 26. Rc1 Kd7 27. Rxc4 Bd6 28. Bxd6 Kxd6 29. f3 Re8 30. Kf2 Re7 31. Rc8 Kd7 32. Rh8 g6 33. Rf8 f5 34. h4 Kd6 35. h5 Kd5 36. Rd8+ Kc6 37. h6 Rd7 38. Rc8+ Kd6 39. Ke3 Ke6 40. f4 Kf6 41. Kd3 Ke6 42. Kc4 a6 43. Rb8 Rc7+ 44. Kd3 Rc6 45. Rb7 b5 46. axb5 axb5 47. Rxb5 Kf6 48. d5 Rc1 49. Kd4 Rh1 50. Rb6+ Ke7 51. Rb7+ Kd6 52. Rxh7 Rd1+ 53. Kc4 Rc1+ 54. Kd3 Rd1+ 55. Ke2 Rh1 56. Rh8 1-0

[Event "Ghent Taminco op 31st"]
[Site "Ghent"]
[Date "2008.07.21"]
[Round "5"]
[White "Kuipers, Eelco"]
[Black "Ydo, Pim"]
[Result "1/2-1/2"]
[WhiteElo "2292"]
[BlackElo "2116"]
[PlyCount "74"]
[EventDate "2008.07.19"]
[EventType "swiss"]
[EventRounds "9"]
[EventCountry "BEL"]
[SourceTitle "CBM 125 Extra"]
[Source "ChessBase"]
[SourceDate "2008.09.01"]
[SourceVersion "1"]
[SourceVersionDate "2008.09.01"]
[SourceQuality "1"]

1. e4 c6 2. d4 d5 3. Nc3 dxe4 4. Nxe4 Bf5 5. Ng3 Bg6 6. Nf3 Nd7 7. h4 h6 8. h5 Bh7 9. Bd3 Bxd3 10. Qxd3 e6 11. Bf4 Qa5+ 12. Bd2 Bb4 13. Ne4 Bxd2+ 14. Nfxd2 Ngf6 15. Nd6+ Ke7 16. Nxb7 Qb4 17. Qb3 Qxd4 18. 0-0-0 Rhb8 19. Qa3+ c5 20. Na5 Rb6 21. Nac4 Rb4 22. Na5 Rb6 23. Ndc4 Qf4+ 24. Kb1 Ra6 25. Qd3 Qc7 26. Nb3 Ra4 27. Nbd2 Rb8 28. b3 Nd5 29. Ne4 Rxc4 30. Qxc4 Rb4 31. Qa6 Rxe4 32. Rh3 Qe5 33. Qa5 Rb4 34. Qxa7 Rd4 35. Rdd3 Nb4 36. Rxd4 Qxd4 37. Rh1 Qxf2 1/2-1/2

[Event "Goch op 18th"]
[Site "Goch"]
[Date "2007.10.07"]
[Round "7"]
[White "Schaar, Andreas"]
[Black "Ydo, Pim"]
[Result "1/2-1/2"]
[WhiteElo "2026"]
[BlackElo "2120"]
[PlyCount "79"]
[EventDate "2007.10.04"]
[EventType "swiss"]
[EventRounds "7"]
[EventCountry "GER"]
[SourceTitle "EXT 2011"]
[Source "ChessBase"]
[SourceDate "2010.11.26"]
[SourceVersion "1"]
[SourceVersionDate "2010.11.26"]
[SourceQuality "1"]

1. d4 d5 2. Nf3 c6 3. c4 e6 4. cxd5 exd5 5. Nc3 Nf6 6. Bg5 Be7 7. Qc2 0-0 8. e3 Nbd7 9. Bd3 Re8 10. 0-0 Nf8 11. Rab1 g6 12. b4 a6 13. a4 Ne6 14. Bh4 Ng7 15. b5 axb5 16. axb5 Bf5 17. Ne2 Bxd3 18. Qxd3 Nf5 19. Bg5 Nd6 20. bxc6 bxc6 21. Ne5 Rc8 22. Rfc1 c5 23. Rxc5 Rxc5 24. dxc5 Nde4 25. Nc6 Qc7 26. Nxe7+ Rxe7 27. Bxf6 Nxf6 28. Rc1 Re4 29. Nf4 Qe5 30. Qd1 d4 31. c6 dxe3 32. fxe3 Rxf4 33. exf4 Qe3+ 34. Kh1 Ng4 35. Rc2 Qxf4 36. Qg1 Qe4 37. Rc1 Qf4 38. c7 Nf2+ 39. Qxf2 Qxc1+ 40. Qg1 1/2-1/2

[Event "Goch op 18th"]
[Site "Goch"]
[Date "2007.10.06"]
[Round "4"]
[White "Ydo, Pim"]
[Black "Bruchmann, Norbert"]
[Result "1-0"]
[WhiteElo "2120"]
[BlackElo "1999"]
[PlyCount "141"]
[EventDate "2007.10.04"]
[EventType "swiss"]
[EventRounds "7"]
[EventCountry "GER"]
[SourceTitle "EXT 2011"]
[Source "ChessBase"]
[SourceDate "2010.11.26"]
[SourceVersion "1"]
[SourceVersionDate "2010.11.26"]
[SourceQuality "1"]

1. d4 e6 2. Nf3 c5 3. e3 Nf6 4. Bd3 cxd4 5. exd4 b6 6. Bg5 Bb7 7. Nbd2 h6 8. Bh4 Be7 9. 0-0 0-0 10. Re1 d6 11. Ne4 Nxe4 12. Bxe4 Bxe4 13. Rxe4 Bxh4 14. Rxh4 d5 15. Qd2 Nd7 16. Rh3 Nf6 17. Ne5 Ne4 18. Qe2 Rc8 19. c3 Qe8 20. f3 Nd6 21. Ng4 Nf5 22. Nf2 f6 23. Re1 Rc6 24. Nd3 Kf7 25. f4 Nd6 26. Nf2 Qd7 27. Qh5+ Kg8 28. Qg6 Kh8 29. g4 Qf7 30. Qd3 Nc4 31. Re2 Qc7 32. Qf3 b5 33. a3 a5 34. f5 exf5 35. Qxf5 Qf7 36. Nd3 Nd6 37. Qh5 Qxh5 38. Rxh5 Ne4 39. Rxd5 Ng5 40. Rxb5 Ra8 41. Kf2 Rc7 42. a4 Kg8 43. Nf4 Nf7 44. Nd5 Rca7 45. Re6 Ng5 46. Re2 Kf7 47. h4 Ne6 48. Kf3 Rd8 49. Nf4 Nc7 50. Rc5 g5 51. hxg5 hxg5 52. Rh2 Kg8 53. Rxc7 Rxc7 54. Ne6 Rdd7 55. Nxc7 Rxc7 56. Re2 Rc4 57. d5 Kf7 58. Re4 Rc5 59. c4 Rc8 60. b3 Rb8 61. Re3 Rh8 62. Ke4 Rh4 63. Kf5 Rh1 64. Rf3 Rd1 65. Ke4 Ke7 66. c5 Re1+ 67. Re3 Rg1 68. Kd4+ Kd7 69. c6+ Kd8 70. d6 Rxg4+ 71. Kc5 1-0

[Event "Goch op 18th"]
[Site "Goch"]
[Date "2007.10.05"]
[Round "3"]
[White "Hoellmann, Ludger"]
[Black "Ydo, Pim"]
[Result "1/2-1/2"]
[WhiteElo "2203"]
[BlackElo "2120"]
[PlyCount "26"]
[EventDate "2007.10.04"]
[EventType "swiss"]
[EventRounds "7"]
[EventCountry "GER"]
[SourceTitle "EXT 2011"]
[Source "ChessBase"]
[SourceDate "2010.11.26"]
[SourceVersion "1"]
[SourceVersionDate "2010.11.26"]
[SourceQuality "1"]

1. g3 d5 2. Bg2 g6 3. c4 c6 4. Nf3 Bg7 5. 0-0 Nf6 6. Qc2 0-0 7. d3 Na6 8. Nbd2 Re8 9. Rb1 e5 10. b4 e4 11. dxe4 dxe4 12. Ng5 Bf5 13. e3 h6 1/2-1/2

[Event "Goch op 17th"]
[Site "Goch"]
[Date "2006.10.14"]
[Round "4"]
[White "Kienitz, Andre"]
[Black "Ydo, Pim"]
[Result "0-1"]
[WhiteElo "2180"]
[BlackElo "2106"]
[PlyCount "56"]
[EventDate "2006.10.12"]
[EventType "swiss"]
[EventRounds "7"]
[EventCountry "GER"]
[SourceTitle "EXT 2008"]
[Source "ChessBase"]
[SourceDate "2007.11.25"]
[SourceVersion "1"]
[SourceVersionDate "2007.11.25"]
[SourceQuality "1"]

1. e4 c6 2. d4 d5 3. Nc3 dxe4 4. Nxe4 Bf5 5. Ng3 Bg6 6. h4 h6 7. h5 Bh7 8. Nf3 Nd7 9. Bd3 Bxd3 10. Qxd3 e6 11. Bf4 Qa5+ 12. Bd2 Bb4 13. a3 Bxd2+ 14. Nxd2 Ngf6 15. b4 Qc7 16. 0-0 0-0 17. f4 a5 18. Rae1 axb4 19. axb4 Nd5 20. f5 Nxb4 21. Qb3 Nxc2 22. fxe6 fxe6 23. Qxe6+ Kh8 24. Nf5 Nxe1 25. Qe7 Rxf5 26. Rxf5 Qg3 27. Rf2 Nd3 28. Rf3 Qe1+ 0-1

[Event "Goch op 17th"]
[Site "Goch"]
[Date "2006.10.12"]
[Round "1"]
[White "Witte, Thomas"]
[Black "Ydo, Pim"]
[Result "0-1"]
[WhiteElo "1651"]
[BlackElo "2106"]
[PlyCount "92"]
[EventDate "2006.10.12"]
[EventType "swiss"]
[EventRounds "7"]
[EventCountry "GER"]
[SourceTitle "EXT 2008"]
[Source "ChessBase"]
[SourceDate "2007.11.25"]
[SourceVersion "1"]
[SourceVersionDate "2007.11.25"]
[SourceQuality "1"]

1. e4 c6 2. d4 d5 3. e5 c5 4. c3 Nc6 5. Bb5 Bd7 6. f4 Nxe5 7. Bxd7+ Nxd7 8. Qb3 e6 9. Qxb7 Ngf6 10. Nf3 Qc8 11. Qxc8+ Rxc8 12. dxc5 Bxc5 13. Nbd2 0-0 14. Nb3 Bb6 15. Ke2 Rfe8 16. Re1 Ne4 17. Be3 Bxe3 18. Kxe3 Nb6 19. Nfd2 Nd6 20. Kd3 Nbc4 21. Kc2 Rb8 22. Rab1 Rec8 23. g3 Rb6 24. Nxc4 Nxc4 25. Nd2 Nd6 26. Re2 Rcb8 27. Re5 g6 28. Re2 Ra6 29. a3 Rab6 30. Re3 a5 31. Re2 a4 32. Re5 Rc8 33. Kd3 Kg7 34. Re2 Nb5 35. Ree1 h5 36. h4 Rcb8 37. Kc2 Nd6 38. Rg1 Nf5 39. Nf1 d4 40. cxd4 Nxd4+ 41. Kd3 Nf5 42. Rg2 Rb3+ 43. Kc2 Nd4+ 44. Kd1 Nf5 45. Kc1 Rf3 46. Rc2 Rxf1+ 0-1

[Event "Goch op 16th"]
[Site "Goch"]
[Date "2005.10.03"]
[Round "7"]
[White "Kaufeld, Juergen"]
[Black "Ydo, Pim"]
[Result "1-0"]
[WhiteElo "2265"]
[BlackElo "2118"]
[PlyCount "35"]
[EventDate "2005.09.30"]
[EventType "swiss"]
[EventRounds "7"]
[EventCountry "GER"]
[SourceTitle "EXT 2007"]
[Source "ChessBase"]
[SourceDate "2006.11.23"]
[SourceVersion "1"]
[SourceVersionDate "2006.11.23"]
[SourceQuality "1"]

1. e4 c6 2. d4 d5 3. Nc3 dxe4 4. Nxe4 Bf5 5. Ng3 Bg6 6. h4 h6 7. Nh3 e6 8. Nf4 Bh7 9. Bc4 Nf6 10. 0-0 Nd5 11. Qe2 Bd6 12. Bxd5 cxd5 13. Qg4 Nd7 14. Ngh5 Bxf4 15. Bxf4 g5 16. Ng7+ Kf8 17. hxg5 h5 18. Nxh5 1-0

[Event "Goch op 16th"]
[Site "Goch"]
[Date "2005.10.01"]
[Round "3"]
[White "Hermsen, Frederik"]
[Black "Ydo, Pim"]
[Result "1/2-1/2"]
[WhiteElo "1788"]
[BlackElo "2118"]
[PlyCount "45"]
[EventDate "2005.09.30"]
[EventType "swiss"]
[EventRounds "7"]
[EventCountry "GER"]
[SourceTitle "EXT 2007"]
[Source "ChessBase"]
[SourceDate "2006.11.23"]
[SourceVersion "1"]
[SourceVersionDate "2006.11.23"]
[SourceQuality "1"]

1. d4 d5 2. c4 c6 3. e3 Nf6 4. Nf3 Bg4 5. Nc3 e6 6. Bd3 Nbd7 7. a3 Be7 8. 0-0 0-0 9. cxd5 exd5 10. b4 a5 11. b5 c5 12. dxc5 Nxc5 13. Be2 Nce4 14. Nxe4 Nxe4 15. Bb2 Rc8 16. Nd4 Bd7 17. Nb3 Be6 18. Rc1 Rxc1 19. Qxc1 Bd6 20. Bd4 a4 21. Nc5 Nxc5 22. Bxc5 Qe7 23. Bxd6 1/2-1/2

[Event "Goch op 15th"]
[Site "Goch"]
[Date "2004.10.02"]
[Round "4"]
[White "Ydo, Pim"]
[Black "Mueller, Markus"]
[Result "0-1"]
[WhiteElo "2112"]
[BlackElo "2163"]
[PlyCount "112"]
[EventDate "2004.09.30"]
[EventType "swiss"]
[EventRounds "7"]
[EventCountry "GER"]
[SourceTitle "EXT 2006"]
[Source "ChessBase"]
[SourceDate "2005.11.24"]
[SourceVersion "1"]
[SourceVersionDate "2005.11.24"]
[SourceQuality "1"]

1. d4 Nf6 2. c4 e6 3. a3 b6 4. Nc3 Ba6 5. e3 d5 6. b3 c5 7. Be2 cxd4 8. exd4 Nc6 9. Nf3 Be7 10. Bb2 0-0 11. 0-0 Rc8 12. cxd5 Bxe2 13. Qxe2 Nxd5 14. Ne4 Na5 15. b4 Nc4 16. Bc1 Nd6 17. Ng3 Qc7 18. Bg5 Qc2 19. Rfc1 Qxe2 20. Nxe2 f6 21. Bd2 Nc4 22. Be1 Rc7 23. Nc3 Nxc3 24. Rxc3 Rfc8 25. Rac1 Bd6 26. Rb1 b5 27. Nd2 Nxd2 28. Rxc7 Nf3+ 29. gxf3 Rxc7 30. Bd2 Rc2 31. Be3 Rc3 32. Ra1 a6 33. Kg2 Kf7 34. f4 Kg6 35. Rc1 Rxc1 36. Bxc1 Kf5 37. Kf3 Bc7 38. h3 Bb6 39. Bb2 Bc7 40. Bc1 a5 41. bxa5 Bxa5 42. Ke3 Bc7 43. Kd3 Bxf4 44. Bxf4 Kxf4 45. Kc3 g5 46. Kb4 h5 47. Kxb5 h4 48. f3 f5 49. a4 g4 50. fxg4 fxg4 51. d5 Ke5 52. dxe6 Kxe6 53. hxg4 h3 54. a5 h2 55. Kb6 h1Q 56. Ka7 Kd6 0-1

[Event "Goch op 15th"]
[Site "Goch"]
[Date "2004.10.01"]
[Round "3"]
[White "Lambertz, Michael"]
[Black "Ydo, Pim"]
[Result "0-1"]
[WhiteElo "1948"]
[BlackElo "2112"]
[PlyCount "108"]
[EventDate "2004.09.30"]
[EventType "swiss"]
[EventRounds "7"]
[EventCountry "GER"]
[SourceTitle "EXT 2006"]
[Source "ChessBase"]
[SourceDate "2005.11.24"]
[SourceVersion "1"]
[SourceVersionDate "2005.11.24"]
[SourceQuality "1"]

1. e4 c6 2. d4 d5 3. exd5 cxd5 4. c4 Nf6 5. Nc3 Nc6 6. Bg5 dxc4 7. Bxc4 e6 8. Nf3 Be7 9. 0-0 a6 10. Rc1 Nd5 11. Bxe7 Ncxe7 12. Ne5 0-0 13. Bd3 Ng6 14. g3 Bd7 15. Ne4 Bb5 16. Nc5 Bxd3 17. Qxd3 Qe7 18. Qb3 Nxe5 19. dxe5 Rac8 20. Ne4 b5 21. Nc3 Rc4 22. Rfd1 Rfc8 23. Nxd5 exd5 24. Qe3 h6 25. f4 Qe6 26. b3 Rc2 27. Rxc2 Rxc2 28. Rd2 Rc1+ 29. Kg2 Qc6 30. Qd4 Rc2 31. Kf2 Rxd2+ 32. Qxd2 Qc5+ 33. Qe3 d4 34. Qd3 Qd5 35. Qf3 Qc5 36. Qa8+ Kh7 37. Qe4+ g6 38. Qd3 Qd5 39. Qf3 Qc5 40. Qd3 a5 41. Kf3 Qc6+ 42. Qe4 Qc3+ 43. Kg4 h5+ 44. Kg5 Qc7 45. f5 Qd8+ 46. Kf4 d3 47. e6 d2 48. fxg6+ fxg6 49. e7 Qd6+ 50. Kg5 d1Q 51. e8Q Q1d2+ 52. Qe3 Q2d5+ 53. Kh4 Qf6+ 54. Kh3 Qdf5+ 0-1

[Event "Goch op 15th"]
[Site "Goch"]
[Date "2004.10.01"]
[Round "2"]
[White "Ydo, Pim"]
[Black "Weritz, Juergen"]
[Result "0-1"]
[WhiteElo "2112"]
[BlackElo "2311"]
[PlyCount "80"]
[EventDate "2004.09.30"]
[EventType "swiss"]
[EventRounds "7"]
[EventCountry "GER"]
[SourceTitle "EXT 2006"]
[Source "ChessBase"]
[SourceDate "2005.11.24"]
[SourceVersion "1"]
[SourceVersionDate "2005.11.24"]
[SourceQuality "1"]

1. d4 Nf6 2. Bg5 Ne4 3. Bf4 c5 4. f3 Qa5+ 5. c3 Nf6 6. Nd2 cxd4 7. Nb3 Qb6 8. Qxd4 Nc6 9. Qxb6 axb6 10. e4 d5 11. e5 Nd7 12. Bb5 Nc5 13. Nxc5 bxc5 14. Be3 e6 15. f4 Bd7 16. Bxc6 Bxc6 17. Nf3 Be7 18. 0-0 0-0 19. a3 Ra6 20. Rae1 Rd8 21. Rd1 Ba4 22. Rd2 Bb3 23. g4 Ra4 24. Rc1 h6 25. h3 b6 26. f5 Re4 27. Kf2 Kh7 28. Re2 Ba4 29. Ree1 Bd7 30. fxe6 fxe6 31. Bd2 Rf8 32. Kg3 Bd8 33. Re3 Bc6 34. Rce1 Bc7 35. R3e2 Rxe2 36. Rxe2 d4 37. Ne1 d3 38. Re3 c4 39. Ng2 g5 40. h4 Rf1 0-1

[Event "Goch op 14th"]
[Site "Goch"]
[Date "2003.??.??"]
[Round "5"]
[White "Ydo, Pim"]
[Black "Baisakow, Alexander"]
[Result "1-0"]
[WhiteElo "2115"]
[BlackElo "1775"]
[PlyCount "111"]
[EventDate "2003.10.02"]
[EventType "swiss"]
[EventRounds "7"]
[EventCountry "GER"]
[SourceTitle "EXT 2006"]
[Source "ChessBase"]
[SourceDate "2005.11.24"]
[SourceVersion "1"]
[SourceVersionDate "2005.11.24"]
[SourceQuality "1"]

1. d4 f5 2. e4 fxe4 3. Nc3 d5 4. Qh5+ g6 5. Qxd5 Nf6 6. Qxd8+ Kxd8 7. Bg5 Bg7 8. Bc4 Bg4 9. h3 Bd7 10. Nge2 h5 11. Nf4 Bf5 12. Ne6+ Bxe6 13. Bxe6 c6 14. 0-0-0 Rf8 15. Rhe1 Na6 16. Rd2 Nc7 17. Bc4 b5 18. Bb3 Nh7 19. Be3 Nf6 20. d5 Nfxd5 21. Nxd5 Nxd5 22. Bxd5 cxd5 23. Rxd5+ Ke8 24. Rxb5 a6 25. Rb4 Rf5 26. Rd1 Ra5 27. Kb1 Kf7 28. c3 Rc8 29. Rd7 g5 30. Rxe4 Bf6 31. Bd4 Re8 32. Bxf6 Kxf6 33. g4 h4 34. f4 gxf4 35. Rxf4+ Kg6 36. Re4 e5 37. b4 Rb5 38. Rd6+ Kg5 39. a4 Rb7 40. Kc2 Rf7 41. Rd3 Rf2+ 42. Kb3 Rg2 43. Rf3 Rg3 44. Rf5+ Kg6 45. Rfxe5 Rxe5 46. Rxe5 Rxh3 47. Re6+ Kg5 48. Rxa6 Rf3 49. Rd6 Kxg4 50. a5 Rf7 51. a6 h3 52. b5 h2 53. Rd1 Ra7 54. Kb4 Kf5 55. Rh1 Rh7 56. b6 1-0